02683nam a2200301 i 4500003000900000005001700009007000300026008004100029020001800070040003000088041000800118082003000126100004400156245011600200250002200316260003600338264007600374300002800450336002700478337003300505338002800538490002600566500007200592520162200664650002202286650002702308700004602335DO-SdBNP20250717151158.0ta250717d2025 pr 000 f spa d a9789945637670 aDO-SdBNPbspacBNPHUerda aspa 4aRD863.44bC352in 20252221 aCastillo, Efraím,d1940-eautor4aut.10aInti huaman ó Eva Again :b[edición bilingüe] /cEfraim Castillo ; traducción, Pedro A. García Díaz aTercera edición aSanto Domingo :bTaller,c1983. aSan Juan, Puerto Rico :bEditorial Isla Negra, bEditora Búho,c2025. a235 páginas ;c22 cm. atextobtxt2rdacontent asin mediaciónbn2rdamedia avolumenbnc2rdacarrier0 aLa montaña de papel aIncluye datos biográficos del autor en la solapa de la cubierta.  aLa primera versión de la novela corta Inti Huamán o Eva Again es de 1969 (sometida a un certamen como cuento), en 1983 Editora Taller publica una primera edición y en 2019 Últimos Monstruos Editores publica una segunda. Esta edición de 2024, precedida de un enjundioso estudio de la Dra. María José Gutiérrez Barajas, crítica cultural y profesora Yale University, es la tercera edición y la primera bilingüe (español-inglés) de lo que constituye la primera novela de ciencia ficción de la literatura dominicana. En cada edición del texto, su autor ha introducido cambios que enriquecen los ritmos de sentidos internos de esta poderosa novela de ciencia ficción. –Dr. Eugenio García Cuevas Universidad de Puerto Rico en Bayamón Efraim Castillo cuestiona la capacidad del estado para decidir quién tiene y quién no el derecho a reproducirse […] Inti Huamán asume una serie de características como son su fetichización, su capacidad de concebir en una especie de paraíso natural al que no ha llegado la tecnología, su cuerpo fértil pero carente de voz o voluntad, que la colocan entre dos figuras bíblicas, Eva y la virgen María. Inti Huamán, como ellas, es también la madre de una nueva civilización […] El autor trasciende no solamente los límites temporales y su ordenación lógica, sino también los límites insulares […] amplía su óptica para ubicar su país y su realidad en un contexto más amplio, el de América Latina, y situar el continente en un escenario global. –Dra. María José Gutiérrez Barajas Yale University 4aNovela dominicana 4aLiteratura dominicana.1 aGarcía Díaz, Pedro A.etraductor4tr.